Conflicts of interest for members acting as dispute resolvers (Record no. 121990)
[ view plain ]
| 000 -LEADER | |
|---|---|
| fixed length control field | 01788nad a22002535a 4500 |
| 008 - FIXED-LENGTH DATA ELEMENTS--GENERAL INFORMATION | |
| fixed length control field | 240903t2020 xxk f 000 0 eng d |
| 020 ## - INTERNATIONAL STANDARD BOOK NUMBER | |
| International Standard Book Number | 9781783214051 |
| 041 0# - LANGUAGE CODE | |
| Language code of text/sound track or separate title | eng |
| 110 2# - MAIN ENTRY--CORPORATE NAME | |
| Corporate name or jurisdiction name as entry element | Royal Institution of Chartered Surveyors |
| 9 (RLIN) | 4900 |
| 245 00 - TITLE STATEMENT | |
| Title | Conflicts of interest for members acting as dispute resolvers |
| Medium | [electronic resource] |
| 250 ## - EDITION STATEMENT | |
| Edition statement | 2nd ed. |
| 260 ## - PUBLICATION, DISTRIBUTION, ETC. | |
| Place of publication, distribution, etc. | London |
| Name of publisher, distributor, etc. | RICS |
| Date of publication, distribution, etc. | 2020 |
| 300 ## - PHYSICAL DESCRIPTION | |
| Extent | 30p. |
| 490 #0 - SERIES STATEMENT | |
| Series statement | RICS Professional Standard |
| 500 ## - GENERAL NOTE | |
| General note | Effective from 1 February 2021 |
| 520 ## - SUMMARY, ETC. | |
| Summary, etc. | This professional standard covers the appointment of surveyors as arbitrators, independent experts, mediators, adjudicators, and other dispute resolvers.<br/><br/>Surveyors may be appointed as dispute resolvers either by private agreement between the parties in dispute, or via RICS or other formal appointing parties, such as the Law Society or the Chartered Institute of Arbitrators (CIArb). The aim of this 2nd edition is to provide advice on dealing with possible conflicts of interest for surveyors who are appointed to resolve disputes. It also helps all parties involved in a dispute to understand the main principles and considerations, and to be aware of when an involvement may develop into a conflict of interest. |
| 520 ## - SUMMARY, ETC. | |
| Summary, etc. | This document was originally published in November 2020 as an RICS guidance note and reissued in October 2022 as an RICS professional standard |
| 650 24 - SUBJECT ADDED ENTRY--TOPICAL TERM | |
| Topical term or geographic name entry element | CONFLICTS OF INTEREST |
| 650 24 - SUBJECT ADDED ENTRY--TOPICAL TERM | |
| Topical term or geographic name entry element | RICS RULES OF CONDUCT |
| 651 #4 - SUBJECT ADDED ENTRY--GEOGRAPHIC NAME | |
| Geographic name | International |
| 690 ## - LOCAL SUBJECT ADDED ENTRY--TOPICAL TERM (OCLC, RLIN) | |
| Topical term or geographic name as entry element | Dispute resolution |
| 9 (RLIN) | 6236 |
| 856 40 - ELECTRONIC LOCATION AND ACCESS | |
| Uniform Resource Identifier | <a href="https://www.rics.org/profession-standards/rics-standards-and-guidance/sector-standards/dispute-resolution-standards/conflicts-of-interest-for-members-acting-as-dispute-resolvers-2nd-edition">https://www.rics.org/profession-standards/rics-standards-and-guidance/sector-standards/dispute-resolution-standards/conflicts-of-interest-for-members-acting-as-dispute-resolvers-2nd-edition</a> |
| Public note | Available on RICS.org |
| 942 ## - ADDED ENTRY ELEMENTS (KOHA) | |
| Suppress in OPAC | 0 |
| Source of classification or shelving scheme | Dewey Decimal Classification |
| Withdrawn status | Lost status | Damaged status | Not for loan | Home library | Current library | Shelving location | Date acquired | Total Checkouts | Date last seen | Price effective from | Koha item type |
|---|---|---|---|---|---|---|---|---|---|---|---|
| Virtual | Virtual | Online | 03/09/2024 | 03/09/2024 | 03/09/2024 | Online material |